Statistics for Guess the color

Click here to take the quiz!

General Stats

  • This quiz has been taken 81 times
  • The average score is 10 of 10

Answer Stats

Answer% Correct
Red
100%
Brown
98%
Black
96%
Blue
96%
Green
96%
Grey
96%
Orange
96%
Purple
96%
White
96%
Yellow
96%

Score Distribution

Percentile by Number Answered

Percent of People with Each Score

Your Score History

You have not taken this quiz